Normal view MARC view

Entry Meeting Name

Number of records used in: 1

001 - CONTROL NUMBER

  • control field: 16179

003 - CONTROL NUMBER IDENTIFIER

  • control field: OSt

005 - DATE AND TIME OF LATEST TRANSACTION

  • control field: 20211105134018.0

008 - FIXED-LENGTH DATA ELEMENTS

  • fixed length control field: 211105|| aca||aabn | a|a d

040 ## - CATALOGING SOURCE

  • Original cataloging agency: OSt
  • Transcribing agency: OSt

111 ## - HEADING--MEETING NAME

  • Meeting name or jurisdiction name as entry element: Conference on Active Galactic Nuclei
  • Location of meeting: Georgia State University, Atlanta, Georgia, USA
  • Date of meeting or treaty signing: 1987 Oct. 28-30

670 ## - SOURCE DATA FOUND

  • Source citation: Work cat.: (OSt): Conference on Active Galactic Nuclei Georgia State University, Atlanta, Georgia, USA 1987 Oct. 28-30, Active galactic nuclei, 1988

Powered by Koha